Kultura a totalita národ

Saved in:
Bibliographic Details
Other Authors: Klimeš, Ivan, Wiendl, Jan
Format: Book
Language:Czech
Published: Praha Filozofická fakulta Univerzity Karlovy v Praze 2013
Series:Varia sv. 20
Subjects:
Tags: Add Tag
No Tags, Be the first to tag this record!

MARC

LEADER 00000nam a2200000 4500
001 0222334
005 20231215114634.8
020 |a 978-80-7308-488-2 
041 0 |a cze 
044 |a CZ 
245 1 0 |a Kultura a totalita  |b národ  |c Ivan Klimeš, Jan Wiendl (eds.) 
264 1 |a Praha  |b Filozofická fakulta Univerzity Karlovy v Praze  |c 2013 
300 |a 474 s. 
490 1 |a Varia  |v sv. 20 
830 0 |a Varia  |v sv. 20 
610 2 0 |a kultúra 
610 2 0 |a spoločnosť 
610 2 0 |a národ 
610 2 0 |a identita 
610 2 0 |a totalitarizmus 
610 2 0 |a politika 
610 2 0 |a literatúra 
610 2 0 |a film 
610 2 0 |a Česko 
700 1 |a Klimeš, Ivan 
700 1 |a Wiendl, Jan